Ilustracion apologetica al primero y segundo tomo del Theatro critico (Record no. 8633)
[ view plain ]
| 000 -CABECERA | |
|---|---|
| campo de control de longitud fija | 01112nam a2200241 a 4500 |
| 001 - NÚMERO DE CONTROL | |
| campo de control | BRCA_8982 |
| 005 - FECHA Y HORA DE LA ÚLTIMA TRANSACCIÓN | |
| campo de control | 20190320210500.0 |
| 008 - DATOS DE LONGITUD FIJA--INFORMACIÓN GENERAL | |
| campo de control de longitud fija | 100717s1765----sp-#######---#000-0#spa-# |
| 041 ## - CÓDIGO DE LENGUA | |
| Código de lengua del texto/banda sonora o título independiente | spa |
| 044 ## - CÓDIGO DEL PAÍS DE LA ENTIDAD EDITORA/PRODUCTORA | |
| Código MARC del país | sp |
| 084 ## - OTRO NÚMERO DE CLASIFICACIÓN | |
| Número de clasificación | CO74 |
| Número de documento/Ítem | .F49 1765 |
| 100 1# - ENTRADA PRINCIPAL--NOMBRE DE PERSONA | |
| Nombre de persona | Feijoo, Benito Jerónimo |
| Fechas asociadas al nombre | 1676 - 1764 |
| 9 (RLIN) | 22297 |
| 245 10 - MENCIÓN DE TÍTULO | |
| Título | Ilustracion apologetica al primero y segundo tomo del Theatro critico |
| Resto del título | donde se notan mas de quatrocientos descuidos al autor del Anti-Theatro; y de los setenta, que este imputa al Autor del Theatro Critico, se rebajan los sesenta y nueve y medio |
| Mención de responsabilidad, etc. | escrito por el M.I.S.D. Fr. Benito Geronimo Feyjoo y Montenegro ... |
| 250 ## - MENCIÓN DE EDICIÓN | |
| Mención de edición | 9a ed. |
| 260 ## - PUBLICACIÓN, DISTRIBUCIÓN, ETC. | |
| Lugar de publicación, distribución, etc. | Madrid |
| Nombre del editor, distribuidor, etc. | En la Imprenta de Antonio Sanz |
| Fecha de publicación, distribución, etc. | 1765 |
| 300 ## - DESCRIPCIÓN FÍSICA | |
| Extensión | 164 p. |
| Dimensiones | 21.2 x 15 cm |
| 500 ## - NOTA GENERAL | |
| Nota general | En portada: A costa de la Compañía de Impresores, y Libreros del Reyno |
| 500 ## - NOTA GENERAL | |
| Nota general | Con las licencias necesarias |
| 500 ## - NOTA GENERAL | |
| Nota general | Estado físico: presenta encuadernación en pergamino con cintas rotas, presencia del pez de plata y cantos decorados |
| 600 14 - PUNTO DE ACCESO ADICIONAL DE MATERIA--NOMBRE DE PERSONA | |
| Nombre de persona | Feijoo, Benito Jerónimo |
| Fechas asociadas al nombre | 1676-1764 |
| 9 (RLIN) | 22298 |
| 902 ## - CATALOGADOR | |
| Iniciales | CFM |
| 942 ## - ELEMENTOS DE PUNTO DE ACCESO ADICIONAL (KOHA) | |
| Fuente del sistema de clasificación o colocación | Library of Congress Classification |
| Tipo de ítem Koha | Libros |
| Estado de retiro | Estado de pérdida | Estado dañado | No para préstamo | Localización permanente | Ubicación/localización actual | Fecha de adquisición | Total de préstamos | Signatura topográfica completa | Código de barras | Fecha visto por última vez | Precio válido a partir de | Tipo de ítem Koha |
|---|---|---|---|---|---|---|---|---|---|---|---|---|
| El ejemplar forma parte de la colección y puede ser consultado según las políticas vigentes. | Biblioteca del Museo Franz Mayer (Rogerio Casas-Alatriste) | Biblioteca del Museo Franz Mayer (Rogerio Casas-Alatriste) | 10/07/2017 | CO74 .F49 1765 | CFM00381 | 22/03/2019 | 22/03/2019 | Libros |